00659 2200205 4500001002100000005001700021008004100038020002200079035002400101040001200125082001100137090002100148100002400169245015300193260002700346300003000373650001600403850001200419990002200431YOGYA-0212000000045920120220230452.0 ind  a978-979-29-2477-0 0010-021200000000459 aYOPDYOG a155.25 aDEP 155.25 Gol M aGoldsmith, Marshall aMojo : How to get it, how to keep it, how to get it back it you lose it /cMarshall Goldsmith dan mark reiter; penerjemah, meidina; editor Oktaviani aYogyakartabAndic2011 aVII, 255 hlmbilusc23 cm aKepribadian aYOPDYOG aCB-D.11-2011-1706